Countries of Eastern South America - Statistics

General Stats
  • This quiz has been taken 18 times
  • The average score is 5 of 5
Answer Stats
Answer % Correct
Brazil
100%
Uruguay
100%
Argentina
94%
Guyana
94%
Venezuela
82%
No matching quizzes found
Score Distribution
Percent of People with Each Score
Percentile by Number Answered
Your Score History
You have not taken this quiz